00520 2200193 4500001002100000005001500021035002000036007000300056008004100059020001800100100002200118245005500140260003000195300003000225082001000255084001600265250001000281990003500291INLIS00000000000675820260421081713 a0010-0725000034ta260421 0 ind  a979-1471-35-01 aTim Dapur Demedia1 aVariasi Olahan Ikan Air Tawar /cTim Dapur Demedia aJakarta :bDeMedia,c2008 a48 hlm. :bilus. ;c23 cm a641.5 a641.5 Tim v aCet.1 ac.1/70/Polbangtan Yoma/ha/2025